000 01523nam a22001577a 4500
008 120918t xxu||||| |||| 00| 0 eng d
020 _a9988606230
050 _aH62.K96
100 _aKumekpor, Tom K.B.
245 _aResearch methods and techniques of social research. /
_cTom K.B. Kumekpor
260 _aGhana:
_bSonlife Printing,
_cc2002.
300 _axxvi, 304 p.:
_c22cm.
505 _aContents: Man's quest for understanding the puzzles of his environment -- Scientific method -- Key concepts -- The Nature of social research and the necessity for training in research methodology in the social sciences -- Scientific experimentation-controlled observation -- Data collection techniques for social science research -- Participant observation as a method of data collection in the field -- Records and record-keeping -- Methods of controlled observation and collection of social data -- Techniques of social surveys -- The Questionnair: design, construction and administration -- The Interview and interviewing -- Fieldwork organisation -- Fieldwork preparations -- The Field situation - The Actual enumeration -- Field organization -- Some lessons from a rural social survey -- The Research proposal -- Conclusion -- Appendix A: The Enumerator / interviewer and his/her role in a social survey -- Appendix B: Purpose of the present survey -- Appendix C -- Appendix D: Department of sociology, University of Ghana, Legon survey of selected low income areas in Accra.
650 _bResearch Methods.
942 _2lcc
_cBK
999 _c2350
_d9850